¿Qué es la política? (Registro nro. 57263)

Detalles MARC
000 -ENCABEZADO
Número de control [NR] 00909nam a2200253Ia 4500
008 - DE LONGITUD FIJA DE DATOS DE ELEMENTOS - INFORMACIÓN GENERAL
Elementos de longitud fija [NR] 130821s1997 sp gr spa
020 ## - NUMERO INTERNACIONAL NORMALIZADO PARA LIBROS [R]
Número Internacional Normalizado del libro [NR] 9788449304057
040 ## - FUENTE DE CATALOGACION [NR]
Agencia de catalogación original [NR] Co-BoUCM
Idioma de catalogación [NR] spa
041 00 - CODIGO DE IDIOMA [R]
Código de idioma para texto/pista de sonido o título separado [R] Español
100 1# - ASIENTO PRINCIPAL--NOMBRE PERSONAL [NR]
Nombre personal [NR] Arendt, Hannah
Fechas asociadas con el nombre [NR] 1906-1975
ID Autoridad 32135
245 11 - MENCION DE TITULO [NR]
Título [NR] ¿Qué es la política?
Mención de responsabilidad, etc. [NR] Hannah Arendt ; traducción Rosa Sala Carbó ; introducción de Fina Birulés
260 ## - PUBLICACION, DISTRIBUCION, ETC. (PIE DE IMPRENTA) [R]
Lugar de publicación, distribución, etc. [R] Barcelona (España)
Nombre del editor, distribuidor, etc. [R] Paidós
Fecha de publicación, distribución, etc. [R] 1997
300 ## - DESCRIPCION FISICA [R]
Extensión [R] 156 páginas
490 ## - MENCION DE SERIE [R]
Mención de serie [R] Pensamiento Contemporáneo
Designación numérica/secuencial del volumen [NR] 49
650 04 - ASIENTO SECUNDARIO DE MATERIA - TERMINO TEMATICO [R]
Término temático o nombre geográfico como elemento de entrada [NR] Ciencia política
9 (RLIN) 340
650 04 - ASIENTO SECUNDARIO DE MATERIA - TERMINO TEMATICO [R]
Término temático o nombre geográfico como elemento de entrada [NR] Ética política
9 (RLIN) 15256
650 04 - ASIENTO SECUNDARIO DE MATERIA - TERMINO TEMATICO [R]
Término temático o nombre geográfico como elemento de entrada [NR] Filosofía de la democracia
9 (RLIN) 15756
650 04 - ASIENTO SECUNDARIO DE MATERIA - TERMINO TEMATICO [R]
Término temático o nombre geográfico como elemento de entrada [NR] Filosofía política
9 (RLIN) 15841
700 1# - ASIENTO SECUNDARIO - NOMBRE PERSONAL [R]
Nombre personal [NR] Birulés Bertrán, Fina
Término de relación [R]
9 (RLIN) 135702
700 1# - ASIENTO SECUNDARIO - NOMBRE PERSONAL [R]
Nombre personal [NR] Sala Carbó, Rosa
Término de relación [R]
9 (RLIN) 154566
765 ## - ASIENTO DE IDIOMA ORIGINAL [R]
Asiento principal [NR] Was ist politik? Aus dem Nachlab.
942 ## - ELEMENTOS DE ENTRADA AGREGADOS (KOHA)
Tipo de ítem principal el descrito en 300a Libro
Tema principal Ciencia política
Edición 1
Parte restante de la signatura top. A681q
Sistema de clasificación DEWEY
Clasificación 320.01
Existencias
Fecha de último préstamo Total préstamos Total Renewals Signatura topográfica Código de barras Última vez visto Ejemplar Price effective from Tipo de ítem Perdido Sistema de clasificación Dañado No prestable Tipo de ítem específico Suprimido Ubicación habitual Ubicación actual Localización Fecha de creación Forma de adquisición Costo
22/05/2026 61 21 320.01 A681q 100077914 02/07/2026 Ej.3 03/02/2013 Libro   DEWEY     Libro   Claustro Claustro 3er piso 30/09/2006   12.16
17/02/2025 40 23 320.01 A681q 100099004 10/12/2025 Ej.6 03/02/2013 Libro   DEWEY     Libro   Claustro Claustro 3er piso 28/02/2013 Compra 65000.00
18/02/2025 58 16 320.01 A681q 100099005 09/06/2026 Ej.5 03/02/2013 Libro   DEWEY     Libro   Claustro Claustro 3er piso 28/02/2013 Compra 65000.00
13/02/2020 31 6 320.01 A681q 100093021 03/12/2025 Ej.1 03/02/2013 Libro de reserva   DEWEY     Libro de reserva   Claustro Claustro 3er piso 30/09/2008 Compra 65000.00
17/02/2025 60 10 320.01 A681q 100097829 09/06/2026 Ej.2 03/02/2013 Libro   DEWEY     Libro   Claustro Claustro 3er piso 30/09/2009 Compra 65000.00